County Governments Budget Implementation Review Report/ (Record no. 2984)

000 -LEADER
fixed length control field 00741nam a22002177a 4500
003 - CONTROL NUMBER IDENTIFIER
control field OSt
005 - DATE AND TIME OF LATEST TRANSACTION
control field 20210728075811.0
008 - FIXED-LENGTH DATA ELEMENTS--GENERAL INFORMATION
fixed length control field 210728b ||||| |||| 00| 0 eng d
020 ## - INTERNATIONAL STANDARD BOOK NUMBER
International Standard Book Number -
040 ## - CATALOGING SOURCE
Transcribing agency ALUPE UNIVERSITY
050 ## - LIBRARY OF CONGRESS CALL NUMBER
Classification number HJ9103
Item number .O34 2016
110 ## - MAIN ENTRY--CORPORATE NAME
Corporate name or jurisdiction name as entry element Office of the Controller of Budget
245 ## - TITLE STATEMENT
Title County Governments Budget Implementation Review Report/
Remainder of title First Half FY 2015/16, March, 2016
260 ## - PUBLICATION, DISTRIBUTION, ETC.
Place of publication, distribution, etc. Nairobi, Kenya
Name of publisher, distributor, etc. Government of Kenya
Date of publication, distribution, etc. 2016
300 ## - PHYSICAL DESCRIPTION
Extent xxii; 338p
Other physical details col. ill
440 ## - SERIES STATEMENT/ADDED ENTRY--TITLE
Title Office of the Controller of Budget
650 ## - SUBJECT ADDED ENTRY--TOPICAL TERM
Topical term or geographic name entry element Budget Implementation
650 ## - SUBJECT ADDED ENTRY--TOPICAL TERM
Topical term or geographic name entry element County budgets -- Kenya -- Periodicals.
650 ## - SUBJECT ADDED ENTRY--TOPICAL TERM
Topical term or geographic name entry element Kenya -- Appropriations and expenditures -- Periodicals.
942 ## - ADDED ENTRY ELEMENTS (KOHA)
Source of classification or shelving scheme
Koha item type Book
Suppress in OPAC DO
Holdings
Withdrawn status Lost status Source of classification or shelving scheme Damaged status Not for loan Permanent Location Current Location Shelving location Date acquired Total Checkouts Full call number Barcode Date last seen Price effective from Koha item type Public note
          AU LIBRARY AU LIBRARY Open Shelf 28.07.2021   HJ9103 .O34 2016 28004070 28.07.2021 28.07.2021 Book DO

Powered by Koha